000
00273nam a2200121Ia 4500
008
240624s9999 xx 000 0 und d
041
_a
eng
082
_a
658 SAH
100
_a
SAHAY VINITA
245
_a
INDIAN MANAGEMENT CASES
260
_c
2016
300
_a
351 p.; 23 cm.
999
_c
31310
_d
31310